Sri Aurobindo and Karl Marx : (Record no. 64107)

MARC details
000 -LEADER
fixed length control field 00635nam a22001577a 4500
005 - DATE AND TIME OF LATEST TRANSACTION
control field 20120317160437.0
020 ## - INTERNATIONAL STANDARD BOOK NUMBER
International Standard Book Number 8120803884
Terms of availability 00.00
035 ## - SYSTEM CONTROL NUMBER
System control number A-415654
037 ## - SOURCE OF ACQUISITION
Stock number DPL
Source of stock number/acquisition ENG
100 ## - MAIN ENTRY--PERSONAL NAME
Personal name Chattopadhyaya, D.P.
245 ## - TITLE STATEMENT
Title Sri Aurobindo and Karl Marx :
Remainder of title Integral sociology and dialectical sociology /
Statement of responsibility, etc by D.P. Chattopadhyaya
260 ## - PUBLICATION, DISTRIBUTION, ETC. (IMPRINT)
Place of publication, distribution, etc Delhi
Name of publisher, distributor, etc Motilal Banarsidass
Date of publication, distribution, etc 1988
300 ## - PHYSICAL DESCRIPTION
Extent xx, 336p.
Dimensions 22 cms.
942 ## - ADDED ENTRY ELEMENTS (KOHA)
Source of classification or shelving scheme Dewey Decimal Classification
Item type English Books
Classification part 181.499
Call number suffix CHA
Holdings
Withdrawn status Lost status Not for loan Collection code Home library Current library Date acquired Cost, normal purchase price Full call number Barcode Cost, replacement price Koha item type
      Non-fiction Sarojini Nagar Sarojini Nagar 17/03/2012 0.00 181.499 CHA A-415654 0.00 English Books

© Delhi Public Library
Hit Counter
free hit counter